000
00302nam a22001337a 4500
082
_a
894.812
_b
LAS/K
100
_a
LASHIN, N
245
_a
KANAKKILE KALIKAL
246
_a
KANAKKILE KALIKAL
_b
KANAKKILE KALIKAL
260
_a
THRISSUR
_b
H& C
_c
2007
300
_a
80
650
_a
MALAYALAM G K
942
_c
BK
999
_c
8978
_d
8978